000
00279nam a22001337a 4500
008
210512b ||||| |||| 00| 0 eng d
041
_a
eng
080
_a
038
082
_a
038
100
_a
24
101
_a
FJA
245
_a
Beginning Spanish
_c
Silva,Z.S.D
942
_2
udc
_c
BK
999
_c
57278
_d
57278